<?xml version="1.0" encoding="UTF-8"?><?xml-stylesheet type="text/xsl" href="static/style.xsl"?><OAI-PMH xmlns="http://www.openarchives.org/OAI/2.0/" xmlns:xsi="http://www.w3.org/2001/XMLSchema-instance" xsi:schemaLocation="http://www.openarchives.org/OAI/2.0/ http://www.openarchives.org/OAI/2.0/OAI-PMH.xsd"><responseDate>2026-06-05T17:55:50Z</responseDate><request verb="GetRecord" identifier="oai:riuma.uma.es:10630/30851" metadataPrefix="marc">https://riuma.uma.es/rest/oai/request</request><GetRecord><record><header><identifier>oai:riuma.uma.es:10630/30851</identifier><datestamp>2026-02-03T12:35:59Z</datestamp><setSpec>com_10630_2254</setSpec><setSpec>col_10630_37957</setSpec></header><metadata><record xmlns="http://www.loc.gov/MARC21/slim" xmlns:dcterms="http://purl.org/dc/terms/" xmlns:doc="http://www.lyncode.com/xoai" xmlns:xsi="http://www.w3.org/2001/XMLSchema-instance" xsi:schemaLocation="http://www.loc.gov/MARC21/slim http://www.loc.gov/standards/marcxml/schema/MARC21slim.xsd">
   <leader>00925njm 22002777a 4500</leader>
   <datafield ind2=" " ind1=" " tag="042">
      <subfield code="a">dc</subfield>
   </datafield>
   <datafield ind2=" " ind1=" " tag="720">
      <subfield code="a">López González, Francisco Javier</subfield>
      <subfield code="e">author</subfield>
   </datafield>
   <datafield ind2=" " ind1=" " tag="260">
      <subfield code="c">2024</subfield>
   </datafield>
   <datafield ind2=" " ind1=" " tag="520">
      <subfield code="a">La señal óptica que se propaga por un canal óptico atmosférico se ve afectada por&#xd;
fluctuaciones tanto de intensidad como de fase debidas a variaciones del índice de refrac-&#xd;
ción. Las fluctuaciones de la intensidad óptica recibida se denomina centelleo. En este&#xd;
punto, el principal esfuerzo de investigación se basa especialmente en evitar los efectos&#xd;
nocivos del centelleo que pueden producir una severa degradación del rendimiento del&#xd;
enlace. En este sentido, se han propuesto diferentes modelos matemáticos para describir&#xd;
el modelo de la función de densidad de probabilidad (PDF) de la irradiancia recibida.&#xd;
Hace unos años se propuso una distribución estadística unificadora, el modelo Málaga&#xd;
o M , incluyendo las distribuciones anteriores como casos particulares del modelo M.&#xd;
Todas las prestaciones de la distribución M se obtienen asumiendo que el parámetro&#xd;
de pequeña escala es un número natural, debido a la implicación de utilizar un suma-&#xd;
torio infinito en el caso generalizado. En esta tesis se presenta una reformulación de la&#xd;
distribución Málaga. El comportamiento del canal óptico atmosférico se forma en este&#xd;
caso como una superposición del número finito de subcanales distribuidos K generali-&#xd;
zada, controlados por una distribución discreta binomial negativa dependiente de los&#xd;
parámetros de turbulencia. También se incluye un método novedoso para truncar la&#xd;
suma infinita en una finita basado en un ajuste hiperexponencial, permitiendo el análi-&#xd;
sis del canal AOC con valores reales del parámetro de pequeña escala, proporcionando&#xd;
así una mayor adaptabilidad. En cualquier caso, se obtienen nuevas expresiones com-&#xd;
pletamente precisas para la capacidad ergódica, la probabilidad de interrupción y la&#xd;
tasa de interrupción del sistema como parámetros del sistema, y la BER condicional y&#xd;
la BER media como parámetros del canal. Además, los resultados numéricos muestran&#xd;
una coincidencia perfecta con nuestras expresiones analíticas derivadas.</subfield>
   </datafield>
   <datafield ind1="8" ind2=" " tag="024">
      <subfield code="a">https://hdl.handle.net/10630/30851</subfield>
   </datafield>
   <datafield tag="653" ind2=" " ind1=" ">
      <subfield code="a">Comunicaciones ópticas</subfield>
   </datafield>
   <datafield tag="653" ind2=" " ind1=" ">
      <subfield code="a">Atmósfera</subfield>
   </datafield>
   <datafield tag="653" ind2=" " ind1=" ">
      <subfield code="a">Ingeniería óptica</subfield>
   </datafield>
   <datafield ind2="0" ind1="0" tag="245">
      <subfield code="a">Análisis Estadístico Avanzado de Sistemas de Comunicaciones Opticas Atmosféricas.</subfield>
   </datafield>
</record>
</metadata></record></GetRecord></OAI-PMH>